[Event "Match 69_120'/40"]
[Site "Zürich"]
[Date "2022.??.??"]
[Round "1"]
[White "Excel Mach III 68000"]
[Black "Mephisto Almeria 68000"]
[Result "0-1"]
[WhiteElo "2021"]
[BlackElo "2079"]
[Annotator "KUT"]
[PlyCount "91"]
[EventDate "2022.??.??"]

{[%evp 0,91,19,31,14,-14,-11,-3,4,6,31,44,55,48,52,24,21,22,32,13,-4,-10,-7,
-11,3,-11,0,0,5,-39,-26,-69,-70,-80,-57,-83,-73,-77,-73,-57,-58,-45,-57,-57,-9,
4,28,0,0,0,-4,-64,-38,-92,-115,-139,-154,-154,-154,-168,-32,-279,-277,-279,
-279,-280,-279,-352,-323,-449,-361,-476,-446,-395,-395,-426,-426,-426,-318,
-356,-224,-756,-867,-937,-973,-1240,-1323,-1324,-1367,-1386,-1407,-1522,-1600,
-29985]} 1. d4 Nf6 {Match 120'/40 | Bediener: Rolf Bühler | 1. Partie:
Schwarz (Almeria) gewinnt | Zwischenstand: 1-0 (100%) für Mephisto Almeria
68000 | Im scharfen Meraner-System der Halbslawischen Verteidigung kommt der
Fidelity Excel Mach III 68000 böse unter die Räder. Das Programm von Kathe &
Dan Spracklen findet nach Buchende keinen richtigen Plan und überlässt dem
Gegner aktiveres Spiel und das Läuferpaar. Nachdem Weiss zwischendurch
berechtigte Rettungschancen nicht wahrnimmt, schlittert der Mach III langsam
aber unaufhaltsam in eine verlorene Stellung. Die verzettelten weissen Kräfte
hinterlassen gegen das harmonisch wirkende Spiel des Programms von Richard
Lang einen fast hilflosen Eindruck.} 2. c4 e6 3. Nc3 d5 4. Nf3 c6 5. e3 Nbd7 6.
Bd3 dxc4 7. Bxc4 b5 8. Bd3 Bb7 9. e4 b4 10. Na4 c5 {***ENDE BUCH***} 11. e5 Nd5
12. O-O cxd4 13. Re1 {***ENDE BUCH***} Qc7 {Schon der erste selbst errechnete
Zug weicht von bekannten Vorbildern ab. Schwarz stellt - was nicht anzuraten
ist - die Dame auf die offene c-Linie, wo sie über kurz oder lang wieder wird
weichen müssen.} 14. Bb5 $6 {Der Mach III weiss sich wegen dem scheinbar
unmöglichen Rückgewinn des Bauern auf d4 mit 14.Sxd4 wegen 14...Sxe5 nicht
anders zu helfen, als den gegnerischen Sd7 zu tauschen und so das Läuferpaar
aufzugeben. Diese Strategie widerspricht aber völlig dem Charakter des
weissen Aufbaus. Dabei hätte Weiss in dieser Stellung ohne Gefahr den
d4-Bauern schlagen können. Die Varianten sind aber einfach zu teif, um den
erforderlichen Durchblick zu haben.} (14. Nxd4 $1 $14 {gibt Weiss einen
geringen Vorteil, weil Schwarz nun auf e5 nicht schlagen darf} Nxe5 $2 {
Schlicht ein Verlustzug.} 15. Bb5+ Nd7 (15... Nc6 16. Nxe6 $1 fxe6 17. Qxd5 $18
) (15... Bc6 16. Nxc6 a6 17. Nxb4+ axb5 18. Nxd5 {und gewinnt, wegen} exd5 19.
Qxd5 $18) (15... Ke7 16. Bg5+ f6 17. Rc1 Qb8 (17... Qa5 18. Rxe5 $18)) 16. Bg5
$18 {gefolgt von Tc1 und gewinnt} Be7 17. Rc1 Qd8 18. Bxe7 Nxe7 (18... Qxe7 19.
Nf5 Qg5 20. Bxd7+ Kxd7 21. Nc5+ Ke8 22. Nxb7 $18) 19. Nxe6 fxe6 20. Nc5 O-O 21.
Nxb7 Qb6 22. Qxd7 $18 {und gewinnt}) 14... a6 15. Bxd7+ $6 {Fortsetzung des
schlechten Plans. Selbst hier waren 15.Lf1 oder 15.Ld3 noch die beste Wahl.}
Qxd7 16. Nxd4 Be7 17. Bd2 O-O 18. b3 Rfd8 $17 {[#]Schwarz steht mit dem Druck
auf der offenen d-LInie, seinen aktiv aufgestellten Figuren und dem
Läuferpaar bereits klar besser. Besonders ungünstig ist aber auch, dass
Weiss keinen rechten Plan zur Verfügung hat.} 19. Qg4 {Ein harmloser
Angriffsversuch, denn Weiss hat keine Kräfte am Königsflügel, die dem
Gegner weh tun könnten.} Nc3 $5 {Dynamisch gespielt ... aber nicht unbedingt
"Almeria-like".} 20. Bxc3 bxc3 21. Rad1 c2 $6 {Jetzt wird der frech agierende
Mephisto Almeria 68000 gar noch übermütig, indem er einen Bauern ins
Geschäft steckt. Besser war indessen 21...Dc7-/+} 22. Nxc2 Qc7 23. Nd4 Rac8 {
Vom schwarzen Vorteil ist wenig bis gar nichts mehr übriggeblieben.} 24. Re3
$6 {Der Mach III spielt unbekümmert auf Angriff am Königsflügel, verzettelt
dabei aber seine Kräfte, denn dem gegnerischen König ist hier einfach nicht
beizukommen: 24.Sb2= war notwendig.} Qa5 {Eine sehr gute Alternative war 24...
Td5 mit Druck auf e5.} 25. f4 $2 {Diese Schwächung der weissen Stellung,
insbesondere der nun geöffneten Diagonale a7-g1 vermag Weiss schon nicht mehr
zu verkraften.} Qb4 $1 {Der erste (Doppel-)Angriff auf den Sd4, der keine
Rückzugsfeld zur Verfügung hat.} 26. Rg3 {Droht Matt auf g7, was aber leicht
zu parieren ist.} Bf8 27. Rgd3 Be4 {Nun greift auch noch der Läufer
verstärkt in den Kampf.} 28. R3d2 {Auch die Ablenkung 28.a3 vermag stellt
keine genügende Verteidigung mehr dar.} Rc1 $1 {Ein hübscher Schlag.} 29. Kf2
{Der Turm darf nicht geschlagen werden.} (29. Rxc1 $4 Qxd2 {und da Turm und
Springer angegriffen sind, geht Material verloren, wobei auch} 30. Rd1 {
zwecklos ist wegen} Qe3+ 31. Kh1 Rxd4 $19) 29... Bc6 (29... Bc2 {ist gar noch
eine Spur stärker.}) 30. Qe2 Rxd1 {Die richtige Abwicklung zum Gewinn.} 31.
Qxd1 {Der Sd4 muss ja zweifach gedeckt bleiben.} Bxa4 32. bxa4 Bc5 {Das
entscheidende Eingreifen des Läufers auf der mit 25.f4 geschwächten
Diagonale.} 33. Ke3 {Noch ist alles gedeckt.} Qc3+ 34. Ke4 {Erzwungen, sonst
folgt ...Lxd4 mit wenigstens Figurengewinn.} f6 (34... f5+ 35. exf6 gxf6 {
führt zur Partiefolge}) 35. exf6 gxf6 36. Qg4+ {Ein Racheschach in schon
verlorener Stellung.} Kh8 37. Qxe6 (37. Qg7+ Kxg7 38. Nxe6+ Kf7 39. Nxd8+ Ke8
40. Ne6 Qxd2 $19) 37... Bxd4 38. Re2 {Noch am besten.} Bg1 39. Kf5 Bxh2 40.
Qxa6 (40. Qxf6+ Qxf6+ 41. Kxf6 Bxf4 {rettet Weiss auch nicht mehr}) 40... Rd5+
41. Ke6 Ra5 42. Qb6 Qc4+ 43. Kxf6 Qxf4+ {Drängt Weiss in ein Mattnetz.} 44.
Ke7 Rg5 $1 45. Qd8+ Rg8 {Wie Weiss nun auch reagiert, er wird in spätestens 8
Zügen mattgesetzt.} 46. Qxg8+ {***AUFGEGEBEN***} 0-1

[Event "Match 69_120'/40"]
[Site "Zürich"]
[Date "2022.??.??"]
[Round "2"]
[White "Mephisto Almeria 68000"]
[Black "Excel Mach III 68000"]
[Result "0-1"]
[WhiteElo "2079"]
[BlackElo "2021"]
[Annotator "KUT"]
[PlyCount "279"]
[EventDate "2022.??.??"]

{[%evp 0,224,19,38,25,16,14,14,15,10,20,19,23,-15,8,-19,-15,-29,-23,-24,0,-1,2,
5,18,21,22,-17,-15,-26,-18,-15,-20,-28,-28,-27,-29,-58,-54,-64,-76,-74,-67,-71,
-50,-32,-35,-54,-50,-46,-13,0,-14,-14,-14,-12,-26,-44,-12,-45,-48,-56,-55,-48,
-42,-54,-28,-65,-65,-65,-75,-80,-66,-120,-104,-160,-153,-159,-152,-152,-159,
-179,-187,-171,-170,-180,-183,-180,-180,-178,-192,-219,-185,-194,-190,-213,
-185,-191,-163,-189,-175,-189,-161,-161,-166,-169,-178,-203,-169,-169,-170,
-169,-173,-172,-169,-172,-203,-203,-203,-203,-198,-206,-205,-205,-205,-200,
-200,-200,-211,-211,-219,-205,-200,-200,-200,-200,-200,-200,-200,-200,-200,
-200,-200,-200,-200,-200,-200,-200,-200,-205,-205,-205,-205,-205,-200,-200,
-205,-205,-200,-205,-205,-205,-205,-205,-200,-205,-205,-205,-205,-205,-205,
-205,-205,-205,-205,-205,-200,-200,-200,-205,-205,-205,-205,-205,-205,-205,
-205,-205,-205,-205,-205,-205,-206,-206,-206,-206,-206,-206,-206,-206,-206,
-206,-206,-206,-206,-206,-206,-206,-206,-209,-206,-209,-209,-209,-206,-209,
-209,-209,-209,-209,-97,-115,-121,-201,-222,-279,-279]} 1. e4 e5 {Match 120'/
40 | Bediener: Rolf Bühler | 2. Partie: Schwarz (Mach III) gewinnt |
Zwischenstand: 1-1 (50%) unentschieden | Das Spiel mit dem Zweispringerspiel
entwickelt sich ruhig und bis ins Mittelspiel gelingt es keinem der beiden
Kontrahenten, Vorteil zu erlangen. Aber 37.De2? des Almeria 68000 entpuppt
sich als Fehler. Nach Damentausch geht vorerst ein Bauer, dann ein zweiter
verloren. Das Turmendspiel zwingt dem Bediener dann alles ab. Der Mach III
wurstelt herum und sieht sich nach 49 Zügen (von Zug 60 bis Zug 109)
gezwungen, den Gewinnweg einzuschlagen, um das Remis durch die 50-Züge-Regel
zu vermeiden. Und so kommt das Programm von Kathe & Dan Spracklen doch noch
zum verdienten Sieg.} 2. Nf3 Nc6 3. Bc4 Nf6 4. d3 Be7 5. O-O O-O 6. Nbd2 d6 7.
c3 {***ENDE BUCH***} Na5 8. Bb3 Nxb3 9. axb3 Bg4 {***ENDE BUCH***} 10. Nc4 Qd7
11. h3 Bh5 12. Bg5 {Nach abgeschlossener Eröffnung steht es gleich.} b5 {
Eine aggressive Antwort.} 13. Ncd2 {Etwas logischer sieht der Rückzug nach e3
aus, wo der Springer die Felder d5 und f5 unter Kontrolle hat.} a5 14. Qe1 {
Mit diesem Damenmanöver wird die Fesslung des Sf3 aufgehoben.} Qe6 15. Qe3 h6
16. Bxf6 Bxf6 17. d4 {Eine andere brauchbare Idee war es, mit Ta3 die
Verdopplung der Türme anzustreben.} c6 18. dxe5 {Die Aufhebung der Spannung
im Zentrum erleichtert das Spiel für Schwarz.} dxe5 19. Ra3 {Das bringt nun
nichts mehr.} Be7 {Stellt den Läufer mit Tempo auf ein besseres Feld.} 20.
Raa1 Rfb8 {Der Mach III richtet sich auf ein Spiel am Damenflügel ein.
Ansonsten kam die Besetzung der offenen d-Linie mit ...Tfd8 durchaus ebenfalls
in Frage.} 21. Rfd1 a4 22. bxa4 bxa4 23. Rdb1 {Man sieht auf einen Blick, dass
es Schwarz gelungen ist, die Initiative an sich zu reissen.} Rb5 {Die damit
verbundene Absicht, die Türme auf der b-Linie zu verdoppeln, den b2-Bauern
abzuholen und dafür den a5-Bauern zu geben, vernichtet den leichten schwarzen
Vorteil.} (23... f6 {sieht gut aus, um den Lh5 auf die schöne Diagonale g8-a2
zu bringen.}) 24. Qe2 Rab8 25. Rxa4 Rxb2 26. Rxb2 Rxb2 $11 {Die Partie
befindet sich wieder im Gleichgewicht.} 27. Qe3 f6 28. Ra7 Bd6 29. Ra8+ Kh7 30.
Ra1 Bc7 31. Qd3 Bxf3 32. Nxf3 Bb6 {Der schwarze Läufer ist etwas stärker als
der weisse Springer. Aber angesichts der ansonsten symmetrischen Stellung,
auch was die Bauernstruktur anbelangt, sollte sich das Gleichgewicht der
Kräfte aufrechterhalten lassen.} 33. Nd2 Bc5 34. Kf1 Qf7 35. Rb1 {Nun könnte
man nach dem Turmtausch die Friedenspfeife rauchen. Davon will der Mach III
68000 aber noch nichts wissen.} Ra2 36. h4 $6 {Kein Fehler, aber eigentlich
die weisse Stellung nur schwächend.} Qa7 37. Qe2 $2 {Der Almeria 68000
erkennt nicht, dass er mit 37.h5 Bauernverlust vermeiden konnte.} (37. h5 $1 {
hält die Stellung, denn} Bxf2 {kann nun mit} 38. Qh3 {beantwortet werden,
wonach Schwarz dem gegnerischen Dauerschach der weissen Dame nicht ausweichen
kann.} Rxd2 (38... Qa8 $2 {verliert gar für Weiss} 39. Qf5+ Kg8 40. Qxf2 $18)
39. Qf5+ Kg8 40. Qc8+ {usw.}) 37... Bxf2 38. Qxf2 Qxf2+ 39. Kxf2 Rxd2+ {
Der erste Bauer für Weiss ist weg ... aber ein zweiter folgt sogleich.} 40.
Kf3 Rd3+ 41. Kg4 Rxc3 $19 {Nun waren wir eigentlich guten Mutes, dass die
Partie ein baldiges Ende nehmen wird.} 42. h5 $1 c5 43. Rb5 Re3 44. Rxc5 Rxe4+
{Zwei Mehrbauern für Schwarz und ein Freibauer auf der e-Linie sollten
eigentlich einen problemlosen Gewinn sichern.} 45. Kg3 Rf4 46. Rc7 Rf1 47. Re7
Rf5 48. Kh4 {Nach diesem Zug verliert der Mach III den Faden.} Rf4+ $6 (48...
Rg5 49. g4 Kg8 50. Ra7 Kf8 51. Rb7 e4 52. Rb3 Kf7 $19 {usw., macht dem Spuk
auf systematische Art und Weise ein rasches Ende.}) 49. Kg3 Rb4 $6 50. Kf3 Rb3+
$6 51. Kf2 Kg8 52. g4 {Abwarten wäre besser gewesen, zumal Schwarz keine
Ideen hat.} Rb8 53. Kf3 Rf8 $6 {So lassen sich keine Fortschritte erzielen,
was durch Aktivierung des Königs möglich ist.} (53... Kf8 54. Ra7 Re8 55. Ke4
Re7 56. Ra8+ Kf7 57. Ra6 g6 58. Rb6 Rd7 59. Ke3 gxh5 60. gxh5 Rd4 61. Rb7+ Ke6
62. Rh7 Kf5 63. Rxh6 Kg5 64. Rh8 Rh4 $19) 54. Rc7 Rf7 55. Rc8+ Kh7 56. Ke4 Rd7
57. Rc6 Kg8 58. Rb6 Kf7 59. Rb8 g6 $1 {Endlich wieder einmal etwas Positives.}
60. hxg6+ Kxg6 {[#] Wenn nun in den nächsten 50 Zügen kein Bauer gezogen
oder geschlagen wird, endet die Partie im 110. Zug remis. Und in der Tat
findet der Mach III keinen Gewinnplan und was nun bis zum 109.Zug von Weiss
passiert, ist ein belangloses Hin- und Herschiebe, das ich kommentarlos
vorbeiziehen lasse.} 61. Rg8+ Kh7 62. Rb8 Rd4+ 63. Kf3 Kg6 64. Rg8+ Kf7 65. Rh8
Rd3+ 66. Kf2 Kg7 67. Rb8 Ra3 68. Rd8 Rh3 69. Kg2 Rc3 70. Rb8 Ra3 71. Kf2 Rh3
72. Kg2 Rc3 73. Ra8 Rd3 74. Rb8 Kg6 75. Rg8+ Kh7 76. Rf8 Rd2+ 77. Kf3 Kg7 78.
Rb8 Rc2 79. Ra8 Kg6 80. Rg8+ Kf7 81. Rh8 Rc3+ 82. Kg2 Rc4 83. Kg3 Kg7 84. Rb8
Kg6 85. Rg8+ Kh7 86. Rb8 Rc3+ 87. Kg2 Ra3 88. Rf8 Kg7 89. Rb8 Ra2+ 90. Kf3 Kg6
91. Rg8+ Kf7 92. Rh8 Ra3+ 93. Kg2 Ra4 94. Kg3 Kg7 95. Rb8 Rc4 96. Ra8 Rb4 97.
Rd8 Kg6 98. Rg8+ Kf7 99. Rh8 Rb3+ 100. Kg2 Kg6 101. Rg8+ Kh7 102. Rf8 Rb6 103.
Kf3 Kg7 104. Rd8 Rb2 105. Rc8 Rb3+ 106. Kg2 Rb6 107. Kf3 Rb4 108. Kg3 Rd4 109.
Re8 {[#]} h5 $3 {Aus der Not geboren, d.h. bevor das Remis entsprechend der
50-Züge-Regel zur Anwendung gelangt, unternimmt der Mach III doch noch einen
Gewinnversuch. Das Bauernopfer ist allerdings nur Schein, denn Schwarz wird
den Bauern wieder zurückerobern können und verbleibt hernach mit zwei
verbundenen Mehrbauern.} 110. gxh5 Kh6 111. Rh8+ Kg5 112. h6 Rg4+ 113. Kf3 Rh4
114. Rg8+ Kxh6 {[#]Endlich ist es geschafft. Und jetzt lässt das
amerikanische Programm von Kathe & Dan Spracklen nichts mehr anbrennen.} 115.
Ke3 f5 116. Re8 e4 117. Kd4 Rf4 118. Rg8 Rf3 119. Rg1 e3 120. Kd3 f4 121. Rg2
Kh5 122. Ke4 Rf2 123. Rg1 e2 124. Rh1+ Kg4 125. Rg1+ Kh3 126. Re1 Kg2 127. Kd3
Rf3+ 128. Ke4 Kf2 129. Rb1 Rg3 130. Kxf4 Rc3 131. Kf5 e1=Q 132. Rxe1 Kxe1 133.
Ke4 Kd2 134. Kd4 Re3 135. Kd5 Kc3 136. Kc6 Kd4 137. Kd6 Kc4 138. Kc6 Re6+ 139.
Kc7 Kc5 140. Kd7 0-1